La mitología primitiva (Record no. 91424)

MARC details
000 -LEADER
campo de control de longitud fija 00853nam a2200241 i 4500
001 - NÚMERO DE CONTROL
campo de control 91424
003 - IDENTIFICADOR DE NÚMERO DE CONTROL
campo de control ES-MaACL
005 - FECHA Y HORA DE LA ÚLTIMA TRANSACCIÓN
campo de control 20250815104806.0
007 - CAMPO FIJO DE DESCRIPCIÓN FÍSICA--INFORMACIÓN GENERAL
campo de control de longitud fija t|
008 - DATOS DE LONGITUD FIJA--INFORMACIÓN GENERAL
campo de control de longitud fija 050131s1978 sp ||||1| spa d
100 1# - ENTRADA PRINCIPAL--NOMBRE DE PERSONA
Nombre de persona Lévy-Bruhl, Lucien.
9 (RLIN) 72014
245 13 - MENCIÓN DEL TÍTULO
Título La mitología primitiva
Resto del título : el mundo mitico de los austrailanos y de los papúes /
Mención de responsabilidad, etc. Lucien Levy-Bruhl ; [traducción de R. Pochtari.
250 ## - MENCION DE EDICION
Mención de edición [1ª ed.].
260 ## - PUBLICACIÓN, DISTRIBUCIÓN, ETC.
Lugar de publicación, distribución, etc. [Barcelona] :
Nombre del editor, distribuidor, etc. Península,
Fecha de publicación, distribución, etc. [1978]
300 ## - DESCRIPCIÓN FÍSICA
Extensión 293 p. ;
Dimensiones 20 cm.
490 1# - MENCIÓN DE SERIE
Mención de serie Serie universitaria. Historia, Ciencia, Sociedad
650 #4 - PUNTO DE ACCESO ADICIONAL DE MATERIA--TÉRMINO DE MATERIA
Término de materia o nombre geográfico como elemento de entrada Mitología papú.
9 (RLIN) 157167
650 #4 - PUNTO DE ACCESO ADICIONAL DE MATERIA--TÉRMINO DE MATERIA
Término de materia o nombre geográfico como elemento de entrada Mitología aborigen australiana.
9 (RLIN) 157168
700 1# - ENTRADA AGREGADA--NOMBRE PERSONAL
Nombre de persona Pochtar, Ricardo.
9 (RLIN) 92703
830 00 - PUNTO DE ACCESO ADICIONAL DE SERIE-TÍTULO UNIFORME
Título uniforme Serie universitaria.
Nombre de parte o sección de la obra Historia, ciencia, sociedad
9 (RLIN) 182628
852 ## - LOCALIZACIÓN
Ubicación ES-MaACL
Número de control de estantería A-8698
Sublocalización o colección R.97918
Holdings
Estatus retirado Estado de pérdida Estado de daño No para préstamo Biblioteca de origen Biblioteca actual Ubicación en estantería Fecha de adquisición Fuente de adquisición Total de préstamos Signatura topográfica completa Código de barras Visto por última vez Precio de reemplazo Tipo de ítem Koha
        Biblioteca del Ateneo de Madrid Biblioteca del Ateneo de Madrid Depósito 1 17/01/2008     A-8698 1095449 23/02/2023 23/02/2023 Libro impreso